000 nam a22 7a 4500
999 _c43899
_d43899
003 OSt
005 20180316155137.0
008 180316b xxu||||| |||| 00| 0 eng d
040 _cIIMT
100 _aSINGH S.K
245 _aPUBLIC FINANCE
260 _aDELHI
_bAGRA SAHITYA
_c2017
300 _a200
942 _2ddc
_c02